000
00377nam a22001217a 4500
040
_c
RUA
082
_a
ANN OUK 2010 A126 Or.
100
_a
OUK MAKARA, អ៊ុក ម៉ាការា
245
_a
Annual Report 2010 , របាយការណ៍ប្រចាំឆ្នាំ២០១០
260
_a
PHNOM PENH
_b
RUA
_c
2010
300
_a
iv,
_b
ill,
_c
29cm,
942
_c
REC
999
_c
25186
_d
25186